Report of Panel of Experts: Constituted in pursuance of order of Hon'ble High Court of Delhi in WP (C) 8022/2010 & CM Nos 20698/2010 & 3150/2013 and WP (C) 8180/2010 & CM Nos 21071/2010 & 3148/2013. November 2018 (Record no. 44825)

MARC details
000 -LEADER
fixed length control field 00459nam a2200109Ia 4500
082 ## - DEWEY DECIMAL CLASSIFICATION NUMBER
Classification number NR:338.26
Item number REP
245 #0 - TITLE STATEMENT
Title Report of Panel of Experts: Constituted in pursuance of order of Hon'ble High Court of Delhi in WP (C) 8022/2010 & CM Nos 20698/2010 & 3150/2013 and WP (C) 8180/2010 & CM Nos 21071/2010 & 3148/2013. November 2018
260 ## - PUBLICATION, DISTRIBUTION, ETC. (IMPRINT)
Place of publication India
Name of publisher Ministry of Commerce
Year of publication 2018
300 ## - PHYSICAL DESCRIPTION
Number of Pages 33p.
942 ## - ADDED ENTRY ELEMENTS (KOHA)
Koha item type Books
Holdings
Withdrawn status Lost status Damaged status Not for loan Home library Current library Date acquired Source of acquisition Full call number Accession Number Koha item type
        RRII Library RRII Library 16/12/2021 Gift NR:338.26 REP G01568 Books